000 00823nam a2200217Ia 4500
001 dg76-35218
003 IT-MiCISF
008 161014s9999||||xx |||||||||||||| ||und||
040 _aIT-MiCISF
_cIT-MiCISF
041 _ait
100 _aMascellani Anna
245 0 _aCulture a confronto. La gestione delle diversità
250 _a1a ed.
260 _a Roma
_bFondazione Silvano Andolfi
_c2000
300 _app. 198
500 _aAlessandrini G., Andolfi M., Dominelli L., Fernando S., Morrone A., Cavalleri L., Falcucci M., De Leo G., Patel N., Ciola A., Lorenz W., Wirtanen M., Tasse A., Bolzman C. / società, famiglia-migranti, rapporti-sociali, cultura, terapia, case-studies, mediazione, politiche-sociali / documento
650 _asocietà
700 _aAA.VV.
942 _cBK
957 _71
999 _a35218
_bsi
_g1
_c209125
_d209125